<?xml version="1.0" encoding="UTF-8"?>
<collection xmlns="http://www.loc.gov/MARC21/slim">
 <record>
  <leader>01491pamaa2200217   4500</leader>
  <controlfield tag="001">0000031336</controlfield>
  <controlfield tag="005">20100222090000.0</controlfield>
  <controlfield tag="008">100222                             eng</controlfield>
  <datafield tag="020" ind1="0" ind2="0">
   <subfield code="a">9780273722816 (pbk.) </subfield>
  </datafield>
  <datafield tag="090" ind1="0" ind2="0">
   <subfield code="a">HJ131 </subfield>
   <subfield code="b">PRO 2009</subfield>
  </datafield>
  <datafield tag="100" ind1="1" ind2="0">
   <subfield code="a">Prowle </subfield>
  </datafield>
  <datafield tag="245" ind1="1" ind2="0">
   <subfield code="a">Managing and reforming modern public services : </subfield>
   <subfield code="b">the financial management dimension  </subfield>
   <subfield code="c">Malcolm Prowle.</subfield>
  </datafield>
  <datafield tag="250" ind1="0" ind2="0">
   <subfield code="a">1st ed.</subfield>
  </datafield>
  <datafield tag="260" ind1="0" ind2="0">
   <subfield code="a">New York: </subfield>
   <subfield code="b">Financial Times Prentice Hall, </subfield>
   <subfield code="c">2009.</subfield>
  </datafield>
  <datafield tag="300" ind1=" " ind2=" ">
   <subfield code="a">xv, 420p: </subfield>
   <subfield code="b">ill.; </subfield>
   <subfield code="c">26 cm.</subfield>
  </datafield>
  <datafield tag="504" ind1="0" ind2="0">
   <subfield code="a">Includes bibliographical references and index</subfield>
  </datafield>
  <datafield tag="505" ind1="0" ind2="0">
   <subfield code="a">Financing public services -- Public servicereforms and their impact on financial management practices -- Costing and costing systems in public service organisations -- Managing strategic change in public services: the financial management contribution -- Budgeting systems and budget management in public service organisations -- Pricing public services -- Improving performance in public services: the financial management contribution -- Financial accounting and reporting in public service organisations -- Information systems and financial management in public service organisations -- Financial control and governance in public service organisations -- The organisation and staffing of the public service finance function</subfield>
  </datafield>
  <datafield tag="650" ind1="0" ind2="0">
   <subfield code="a">Finance, Public -- </subfield>
   <subfield code="x">Case studies </subfield>
  </datafield>
  <datafield tag="650" ind1="0" ind2="0">
   <subfield code="a">Government spending policy -- </subfield>
   <subfield code="x">Case studies </subfield>
  </datafield>
  <datafield tag="650" ind1="0" ind2="0">
   <subfield code="a">Public administration -- </subfield>
   <subfield code="x">Case studies </subfield>
  </datafield>
  <datafield tag="901" ind1=" " ind2=" ">
   <subfield code="u">www.pearson-books.com</subfield>
  </datafield>
 </record>
</collection>
